Lessico di Gaio

সংরক্ষণ করুন:
গ্রন্থ-পঞ্জীর বিবরন
প্রধান লেখক: Labruna, Luigi (Author), De Simone, Enrico (Author), Di Salvo, Settimio (Author)
বিন্যাস: গ্রন্থ
ভাষা:ইতালিয়
প্রকাশিত: Nápoles Jovena 1985
বিষয়গুলি:
ট্যাগগুলো: ট্যাগ যুক্ত করুন
কোনো ট্যাগ নেই, প্রথমজন হিসাবে ট্যাগ করুন!

MARC

LEADER 00000nam a2200000 a 4500
001 UCV2767
003 CL-VaPUC
008 921105e19850000IT |||||||||||||||||ita|d
082 0 4 |a 340.03  |b LAB  |2 21 
100 |a Labruna, Luigi  |e author  |9 491394 
700 0 |a De Simone, Enrico  |e author  |9 297031 
700 0 |a Di Salvo, Settimio  |e author  |9 297032 
245 1 0 |a Lessico di Gaio 
300 |a 512 p 
942 |c BK 
945 |d 19921105 00:00:00 
260 |a Nápoles  |b Jovena  |c 1985 
500 |a t.1: A-G 
500 |a t.2: H-Z 
650 0 |a Latín   |x Glosario, vocabulario, etc  |9 258274 
650 7 |a DERECHO  |2 CL-VaPUC  |9 297033 
650 0 |a Diccionarios  |9 256200 
650 7 |a CONCORDANCIAS  |2 CL-VaPUC  |9 258276 
650 0 |a Derecho romano  |9 255930 
583 |a last modification  |c 19921105 00:00:00  |k Rodrigo Vera 
999 |c 210255  |d 210253 
952 |0 0  |1 0  |4 0  |6 340_030000000000000_LAB_1985  |7 0  |8 DER_ROM  |9 186356  |a BIBDER  |b BIBDER  |d 2019-11-14  |i 2538342  |l 3  |o 340.03 LAB 1985  |p 2538342  |r 2023-08-02  |s 2023-08-02  |w 2019-11-14  |x Ubicación 4to piso  |y BK_X  |z Este recurso debe solicitarse con anticipación  |k DER